Important People from History - Statistics

General Stats
  • This quiz has been taken 56 times
  • The average score is 7 of 13
Answer Stats
Hint Initials Answer % Correct
British monarch for 70 years QE Queen Elizabeth II
92%
First Lady of the U.S. MO Michelle Obama
76%
Fashion designer CC Coco Chanel
74%
Anti-apartheid activist NM Nelson Mandela
74%
Underground Railroad conductor HT Harriet Tubman
72%
Gorilla scientist JG Jane Goodall
68%
American anti-segregation activist RP Rosa Parks
60%
British suffragette leader EP Emmeline Pankhurst
46%
American suffragette leader SBA Susan B. Anthony
44%
Pakistani female education activist MY Malala Yousafzai
34%
First black woman astronaut MJ Mae Jemison
6%
Native American activist WM Wilma Mankiller
6%
Artist AWT Alma Woodsey Thomas
2%
No matching quizzes found
Score Distribution
Percent of People with Each Score
Percentile by Number Answered
Your Score History
You have not taken this quiz